[Event "Iberoamerican-ch 9th"]
[Site "Panama City"]
[Date "2023.11.26"]
[Round "2"]
[White "Villalba, Marcelo"]
[Black "Almeida Quintana, Omar"]
[Result "0-1"]
[WhiteElo "2241"]
[BlackElo "2509"]
[PlyCount "64"]
[EventDate "2023.11.25"]
[EventType "swiss"]
[EventRounds "9"]
[EventCountry "PAN"]
[SourceTitle "CB49_2023"]
[SourceDate "2023.12.06"]
[SourceVersion "1"]
[SourceVersionDate "2023.12.06"]
[SourceQuality "1"]

1. e4 Nf6 2. e5 Nd5 3. d4 d6 4. Nf3 g6 5. Bc4 c6 6. 0-0 Bg7 7. Re1 0-0 8. Qe2 Bg4 9. h3 Bxf3 10. Qxf3 dxe5 11. dxe5 e6 12. Bf1 Nd7 13. c4 Nb4 14. Qc3 c5 15. Nd2 h6 16. Nf3 g5 17. b3 f5 18. Bb2 g4 19. Nh2 Qg5 20. Rad1 Rf7 21. a3 Nc6 22. Qg3 gxh3 23. Qxh3 Nf8 24. f4 Qe7 25. Kh1 Ng6 26. Qe3 h5 27. Be2 Bh6 28. Rf1 h4 29. Rd6 Rg7 30. Bh5 Nxf4 31. Rxf4 Qg5 32. Ng4 fxg4 0-1

[Event "Maia op 7th"]
[Site "Maia"]
[Date "2023.09.02"]
[Round "9"]
[White "Materia, Marco"]
[Black "Almeida Quintana, Omar"]
[Result "0-1"]
[WhiteElo "2433"]
[BlackElo "2512"]
[PlyCount "152"]
[EventDate "2023.08.25"]
[EventType "swiss"]
[EventRounds "9"]
[EventCountry "POR"]
[SourceTitle "EXT 2024"]
[Source "ChessBase"]
[SourceDate "2023.10.10"]
[SourceVersion "1"]
[SourceVersionDate "2023.10.10"]
[SourceQuality "1"]

1. d4 d6 2. Nf3 g6 3. c4 Bg7 4. Nc3 Bg4 5. g3 Nc6 6. Bg2 e5 7. d5 Nce7 8. 0-0 Qd7 9. e4 Nf6 10. Qd3 0-0 11. Ng5 Qc8 12. f3 Bd7 13. f4 exf4 14. gxf4 h6 15. Nf3 Bh3 16. Ne1 Bxg2 17. Nxg2 c6 18. Be3 Qh3 19. Rfd1 Ng4 20. Bf2 Qxh2+ 21. Kf1 cxd5 22. cxd5 f5 23. Bg1 Qh5 24. e5 dxe5 25. d6 Nc6 26. Nd5 Kh7 27. Nc7 e4 28. Qg3 Rab8 29. Ne6 Rfe8 30. Nxg7 Kxg7 31. d7 Re7 32. b4 a6 33. Bc5 Re6 34. Kg1 Rg8 35. Rac1 Kf7 36. Bb6 Nd8 37. Bxd8 Rxd8 38. Rc8 Ke7 39. Nh4 Ne5 40. Rd5 Qg4 41. Qxg4 Nxg4 42. Rc7 Rd6 43. Rxd6 Kxd6 44. Rc5 b6 45. Rc1 Rxd7 46. Nxg6 Ne3 47. Kf2 Nd5 48. Rh1 Nxb4 49. Rxh6 Kc5 50. Rh5 Rd2+ 51. Kg3 Rd3+ 52. Kg2 Rd2+ 53. Kg3 Rxa2 54. Rxf5+ Kd4 55. Rf6 Nd5 56. Rd6 Ra3+ 57. Kg2 Kc5 58. Re6 e3 59. f5 Ra2+ 60. Kg3 Rf2 61. Nh4 a5 62. Rxe3 Nxe3 63. Kxf2 Nd5 64. Ke2 Kc4 65. Kd2 Kb3 66. Kc1 Ka2 67. Ng2 b5 68. Ne3 Nxe3 69. f6 b4 70. f7 b3 71. f8Q b2+ 72. Kd2 Nc4+ 73. Kc3 b1Q 74. Qc5 Qb3+ 75. Kd4 Qe3+ 76. Kxc4 Qe4+ 0-1

[Event "Maia op 7th"]
[Site "Maia"]
[Date "2023.08.31"]
[Round "7"]
[White "Kotyk, Michael"]
[Black "Almeida Quintana, Omar"]
[Result "0-1"]
[WhiteElo "2167"]
[BlackElo "2512"]
[PlyCount "100"]
[EventDate "2023.08.25"]
[EventType "swiss"]
[EventRounds "9"]
[EventCountry "POR"]
[SourceTitle "EXT 2024"]
[Source "ChessBase"]
[SourceDate "2023.10.10"]
[SourceVersion "1"]
[SourceVersionDate "2023.10.10"]
[SourceQuality "1"]

1. d4 d6 2. c4 e5 3. Nf3 e4 4. Ng5 f5 5. Nc3 Be7 6. h4 Nf6 7. Bf4 0-0 8. e3 c6 9. Be2 Na6 10. h5 h6 11. Nh3 Be6 12. Bg3 Bf7 13. Nf4 Nc7 14. b4 Ne6 15. Rb1 Nxf4 16. Bxf4 Qd7 17. c5 a5 18. Qa4 axb4 19. Qxb4 dxc5 20. dxc5 Nd5 21. Nxd5 Qxd5 22. Qxb7 Rxa2 23. 0-0 Bxc5 24. Bd1 Ra3 25. Bc2 Ra7 26. Qb2 Ra2 27. Qc3 Ra3 28. Bb3 Be7 29. Bxd5 Rxc3 30. Bxf7+ Kxf7 31. Rb7 Ke6 32. Rd1 Rd3 33. Ra1 Bf6 34. Ra5 Rd5 35. Rxd5 Kxd5 36. Rd7+ Kc4 37. Rc7 Kc5 38. f3 Kb6 39. Kf2 c5 40. Kg3 Re8 41. fxe4 Rxe4 42. Rc8 Be5 43. Bxe5 Rxe5 44. Kf4 Re4+ 45. Kxf5 Rxe3 46. g4 Re7 47. g5 hxg5 48. Kxg5 Re1 49. Kg6 Rg1+ 50. Kf7 Rg5 0-1

[Event "Badalona op 47th"]
[Site "Badalona"]
[Date "2023.08.05"]
[Round "4"]
[White "Almeida Quintana, Omar"]
[Black "Motuz, Karol"]
[Result "1-0"]
[WhiteElo "2512"]
[BlackElo "2291"]
[PlyCount "104"]
[EventDate "2023.08.02"]
[EventType "swiss"]
[EventRounds "9"]
[EventCountry "ESP"]
[SourceTitle "CBM 215 Extra"]
[Source "ChessBase"]
[SourceDate "2023.09.30"]
[SourceVersion "1"]
[SourceVersionDate "2023.09.30"]
[SourceQuality "1"]

1. Nf3 Nf6 2. g3 d5 3. c4 e6 4. Bg2 dxc4 5. Qa4+ Bd7 6. Qxc4 c5 7. b3 Bc6 8. Bb2 Nbd7 9. 0-0 Be7 10. d3 0-0 11. Nbd2 b5 12. Qc2 Qb6 13. a4 a6 14. e4 Rfd8 15. Rfc1 Rac8 16. Bc3 Qb8 17. h3 h6 18. axb5 axb5 19. Qb1 Qb7 20. Ba5 Re8 21. b4 e5 22. bxc5 Bxc5 23. Nb3 Bf8 24. Bc3 Qb8 25. Qb2 b4 26. Bd2 Bb5 27. Ne1 Nb6 28. Ra5 Na4 29. Qa1 Rxc1 30. Nxc1 Nc3 31. Bxc3 bxc3 32. Na2 Bc5 33. Nxc3 Bd4 34. Qa3 Bd7 35. Nf3 Bb6 36. Ra6 Rc8 37. Qa1 Qc7 38. Ra8 Rxa8 39. Qxa8+ Kh7 40. Qa1 Be6 41. Qb2 Qd6 42. Bf1 Nd7 43. Nb5 Qc6 44. Nxe5 Nxe5 45. Qxe5 Qc1 46. Qf4 Qb1 47. Na3 Qa1 48. Nc4 Qb1 49. Na3 Qe1 50. g4 g5 51. Qf3 Qc3 52. Nc4 Qe1 1-0

[Event "Toronto Excelsior GM 06"]
[Site "Toronto"]
[Date "2023.06.21"]
[Round "6"]
[White "Almeida Quintana, Omar"]
[Black "Rodrigue Lemieux, Shawn"]
[Result "1/2-1/2"]
[WhiteElo "2520"]
[BlackElo "2469"]
[PlyCount "64"]
[EventDate "2023.06.19"]
[EventType "tourn"]
[EventRounds "9"]
[EventCountry "CAN"]
[EventCategory "5"]
[SourceTitle "CBM 215 Extra"]
[Source "ChessBase"]
[SourceDate "2023.09.30"]
[SourceVersion "1"]
[SourceVersionDate "2023.09.30"]
[SourceQuality "1"]

1. d4 Nf6 2. Bg5 d5 3. Nf3 c5 4. e3 Nc6 5. Nbd2 cxd4 6. exd4 Bf5 7. c3 e6 8. Qb3 Qc7 9. Bf4 Bd6 10. Bxd6 Qxd6 11. Qxb7 Rb8 12. Qa6 0-0 13. Bb5 Rb6 14. Qa4 Rfb8 15. Bxc6 Rxc6 16. Qxa7 Nd7 17. Qa4 Rxb2 18. 0-0 Ra6 19. Qd1 Qc7 20. a4 Qxc3 21. Re1 h6 22. Re3 Qc7 23. Rea3 Qa5 24. Rc1 Nb6 25. Rca1 Qb4 26. a5 Nc4 27. Rb3 Rxb3 28. Qxb3 Qxb3 29. Nxb3 Bc2 30. Nfd2 Bxb3 31. Nxb3 Kf8 32. Kf1 Ke7 1/2-1/2